| 000 | 00950nam a2200277 a 4500 | ||
|---|---|---|---|
| 999 |
_c455 _d455 |
||
| 001 | 4388593 | ||
| 003 | GZU | ||
| 005 | 20200831090720.0 | ||
| 008 | 910930s1990 rh a b 000 0 eng | ||
| 010 | _a 91200523 | ||
| 040 |
_aDLC _cDLC |
||
| 043 | _af-rh--- | ||
| 050 | 0 | 0 |
_aBT83.57 _b.B35 1990b |
| 082 | 0 | 0 |
_a261.8/096891 _220 |
| 100 | 1 | _aBanana, Canaan. | |
| 245 | 1 | 4 |
_aThe gospel according to the ghetto / _cCanaan Banana ; foreword by C.G. Mazobere. |
| 250 | _aEdited ed. | ||
| 260 |
_aGweru, Zimbabwe : _bMambo Press, _c1990. |
||
| 300 |
_axvi, 195 p. : _bill. ; _c19 cm. |
||
| 504 | _aIncludes bibliographical references. | ||
| 650 | 0 | _aLiberation theology. | |
| 650 | 0 |
_aChurch and social problems _zZimbabwe. |
|
| 906 |
_a7 _bcbc _corignew _d4 _encip _f19 _gy-gencatlg |
||
| 942 |
_2lcc _cBK _eEdited _h83.57 _iBAN _kBT _m1990 |
||